[Event "C.to Regionale Liguria"]
[Site "Spotorno ITA"]
[Date "2016.05.15"]
[Round "4"]
[White "Giorgi, Ezio Alberto"]
[Black "Mortola, Alberto"]
[WhiteElo "1773"]
[BlackElo "1939"]
[Result "1/2-1/2"]
[PlyCount "101"]
[EventDate "2016.05.13"]

1. d4 f5 2. e3 Nf6 3. Bd3 d6 4. Nf3 g6 5. O-O Bg7 6. Nbd2 Nc6 7. b3 O-O 8. Bb2
Qe8 9. c4 e5 10. dxe5 dxe5 11. e4 f4 12. a3 h6 13. c5 g5 14. h3 g4 15. Nh4 gxh3
16. g3 fxg3 17. fxg3 Ng4 18. Rxf8+ Qxf8 19. Qf3 Qxc5+ 20. Kh1 Nf2+ 21. Kh2 Nxd3
22. Qxd3 Be6 23. Rf1 Rd8 24. Qc3 Qxc3 25. Bxc3 Rd3 26. Rf3 Rxf3 27. Nhxf3 Nd4
28. b4 h5 29. Ng5 Bg4 30. Nxh3 Bh6 31. Nc4 Nf3+ 32. Kg2 Bc1 33. a4 Nd4 34. Nxe5
Ne2 35. Ba1 Bd2 36. b5 Bc3 37. Bxc3 Nxc3 38. Nxg4 hxg4 39. Nf2 Nxa4 40. Nxg4
Nc3 41. Nf6+ Kf7 42. Nd5 Nxb5 43. Kf3 a5 44. Ke3 a4 45. Kd3 a3 46. Kc2 c6 47.
Nf4 Nd4+ 48. Kc3 b5 49. Nd3 Nf3 50. Kb3 Nd2+ 51. Kxa3 1/2-1/2

[Event "C.to Regionale Liguria"]
[Site "Spotorno ITA"]
[Date "2016.05.15"]
[Round "4"]
[White "Grasso, Gabriele"]
[Black "Rivara, Massimo"]
[WhiteElo "1720"]
[BlackElo "1757"]
[Result "1/2-1/2"]
[PlyCount "65"]
[EventDate "2016.05.13"]

1. d4 Nf6 2. c4 e6 3. Nf3 b6 4. g3 Bb7 5. Bg2 Bb4+ 6. Bd2 Bxd2+ 7. Nbxd2 O-O 8.
O-O d6 9. Qb3 Nbd7 10. Nh4 Bxg2 11. Nxg2 d5 12. cxd5 exd5 13. Rac1 Re8 14. e3
Ne4 15. Nxe4 dxe4 16. Qc2 c5 17. Rfd1 Qe7 18. Nf4 Rac8 19. Qd2 Nf6 20. dxc5
Rxc5 21. Rxc5 Qxc5 22. Rc1 Qe5 23. Qc3 Qf5 24. Qe1 g5 25. Ne2 h5 26. Nd4 Qd7
27. Qd2 Re5 28. Rc6 Kg7 29. Kg2 Rd5 30. Qc2 Qe8 31. Rc8 Qe5 32. Qc7 Qxc7 33.
Rxc7 1/2-1/2

[Event "C.to Regionale Liguria"]
[Site "Spotorno ITA"]
[Date "2016.05.15"]
[Round "4"]
[White "Massimillo, Angelo"]
[Black "Benvenuti, Cristian"]
[WhiteElo "1362"]
[BlackElo "1696"]
[Result "1/2-1/2"]
[PlyCount "120"]
[EventDate "2016.05.13"]

1. c4 Nf6 2. g3 g6 3. Bg2 Bg7 4. Nf3 O-O 5. O-O d6 6. d3 c5 7. Nc3 Nc6 8. a3 a6
9. Rb1 Rb8 10. Re1 b5 11. cxb5 axb5 12. b3 b4 13. axb4 Nxb4 14. Bb2 Bd7 15. Nd2
Bc6 16. Bxc6 Nxc6 17. Nce4 Nxe4 18. Nxe4 Bxb2 19. Rxb2 Nd4 20. Rb1 Qa5 21. e3
Nc6 22. d4 cxd4 23. exd4 d5 24. Nc5 Rb4 25. Qd2 Qd8 26. Qc3 Rxd4 27. Ne6 fxe6
28. Qxc6 Qc8 29. Qxe6+ Qxe6 30. Rxe6 Kf7 31. Re3 Rb8 32. Kf1 Rdb4 33. Rd3 Ke6
34. Re1+ Kd6 35. Rde3 R8b7 36. Re6+ Kc5 37. Rc1+ Kd4 38. Rd1+ Kc5 39. Rc1+ Kb5
40. Re5 Rd7 41. Rc3 Ka6 42. Re6+ Rb6 43. Re1 d4 44. Rd3 Rb5 45. Re6+ Rb6 46.
Re4 Rbd6 47. f3 Kb5 48. Re5+ Rd5 49. Rxd4 Kc5 50. Rdxd5+ Rxd5 51. Rxe7 h5 52.
Rg7 Rd6 53. h4 Rb6 54. Ke2 Kb4 55. Rd7 Kxb3 56. g4 hxg4 57. fxg4 Rf6 58. Rd3+
Kc4 59. Rf3 Re6+ 60. Re3 Rf6 1/2-1/2

[Event "C.to Regionale Liguria"]
[Site "Spotorno ITA"]
[Date "2016.05.15"]
[Round "4"]
[White "Mercandelli, Claudio"]
[Black "Basaglia, Paolo"]
[WhiteElo "1910"]
[BlackElo "1546"]
[Result "0-1"]
[PlyCount "66"]
[EventDate "2016.05.13"]

1. Nf3 f5 2. c4 Nf6 3. Nc3 e6 4. d3 b6 5. g3 Bb7 6. Bg2 Nc6 7. O-O Be7 8. a3 a5
9. e4 fxe4 10. dxe4 e5 11. h3 O-O 12. Be3 Bc5 13. Bxc5 bxc5 14. Nd5 d6 15. Ng5
Nd4 16. h4 h6 17. Nxf6+ Qxf6 18. Nh3 Qg6 19. h5 Qf7 20. f4 Qxc4 21. Kh2 Nb3 22.
Rb1 a4 23. Re1 Qd4 24. Qc2 exf4 25. Nxf4 Qe5 26. Qe2 Nd4 27. Qd1 Rxf4 28. gxf4
Qxf4+ 29. Kh1 Rf8 30. Rf1 Qh4+ 31. Kg1 Rxf1+ 32. Qxf1 Bxe4 33. Bxe4 Qxe4 0-1

[Event "C.to Regionale Liguria"]
[Site "Spotorno ITA"]
[Date "2016.05.15"]
[Round "4"]
[White "Monticone, Sonia"]
[Black "Roversi, Stefano"]
[WhiteElo "1940"]
[BlackElo "1742"]
[Result "1-0"]
[PlyCount "46"]
[EventDate "2016.05.13"]

1. c4 Nf6 2. Nc3 g6 3. e4 d6 4. d4 Bg7 5. Be2 O-O 6. Bg5 c5 7. d5 Qa5 8. Bd2
Qd8 9. g4 e6 10. h4 exd5 11. cxd5 Re8 12. f3 a6 13. a4 Nbd7 14. h5 Ne5 15. hxg6
hxg6 16. Bg5 Qe7 17. Qd2 Qf8 18. Nh3 Nexg4 19. fxg4 Nxe4 20. Nxe4 Rxe4 21. Nf2
Rd4 22. Qe3 Rxd5 23. Nd1 Re5 1-0

[Event "C.to Regionale Liguria"]
[Site "Spotorno ITA"]
[Date "2016.05.15"]
[Round "4"]
[White "Nikolajevic, Tihomir"]
[Black "Pedemonte, Claudio"]
[WhiteElo "1838"]
[BlackElo "1756"]
[Result "1-0"]
[PlyCount "87"]
[EventDate "2016.05.13"]

1. d4 d6 2. Nf3 Nf6 3. e3 g6 4. b3 Bg7 5. Bb2 O-O 6. Nbd2 Nbd7 7. Bd3 Re8 8.
O-O e5 9. dxe5 dxe5 10. e4 b6 11. b4 Bb7 12. Qe2 Qe7 13. a3 a6 14. Rfe1 Nh5 15.
g3 Rec8 16. c4 a5 17. Bc3 c5 18. b5 Rd8 19. Rad1 Nf8 20. Nb1 Rd7 21. Bb2 Rad8
22. Nc3 Ne6 23. Nd5 Bxd5 24. exd5 Nd4 25. Nxd4 cxd4 26. Bxd4 Qxa3 27. Bxb6 Re8
28. Qe3 e4 29. Bc5 Qb2 30. Be2 f5 31. f4 Nf6 32. Rb1 Qc2 33. Rec1 Qa2 34. Ra1
Qb2 35. Ba3 Nxd5 36. cxd5 Bd4 37. Bxb2 Bxe3+ 38. Kf1 Bxc1 39. Rxc1 Kf8 40. Ba3+
Kg7 41. d6 Rb8 42. Rc7 Rbd8 43. b6 Kf7 44. Bb5 1-0

[Event "C.to Regionale Liguria"]
[Site "Spotorno ITA"]
[Date "2016.05.15"]
[Round "4"]
[White "Pesce, Leandro"]
[Black "Pagliari, Lino"]
[WhiteElo "1660"]
[BlackElo "1319"]
[Result "1-0"]
[PlyCount "32"]
[EventDate "2016.05.13"]

1. e4 e5 2. Nf3 Nc6 3. Bb5 a6 4. Ba4 b5 5. Bb3 Nd4 6. Nxd4 exd4 7. Qf3 Qe7 8.
d3 d6 9. O-O Nf6 10. h3 Qe5 11. Bf4 Qh5 12. Qxh5 Nxh5 13. Bh2 Be7 14. Nd2 O-O
15. a4 Bd7 16. a5 c5 1-0

[Event "C.to Regionale Liguria"]
[Site "Spotorno ITA"]
[Date "2016.05.15"]
[Round "4"]
[White "Sotgia, Cosimo"]
[Black "Mandolini, Alessandro"]
[WhiteElo "1883"]
[BlackElo "1790"]
[Result "1/2-1/2"]
[PlyCount "46"]
[EventDate "2016.05.13"]

1. e4 d6 2. d4 Nf6 3. Nc3 e5 4. Bc4 Be7 5. Nf3 Nbd7 6. O-O O-O 7. Be3 c6 8. a4
a5 9. h3 Qc7 10. Bb3 b6 11. Re1 Bb7 12. Qd2 Rad8 13. Bg5 d5 14. exd5 e4 15.
Nxe4 Nxe4 16. Rxe4 Bxg5 17. Qxg5 Nf6 18. Re5 cxd5 19. Rae1 Ne4 20. Qh5 Rd6 21.
Ng5 Rh6 22. Qe2 Qd7 23. f3 Ng3 1/2-1/2

[Event "C.to Regionale Liguria"]
[Site "Spotorno ITA"]
[Date "2016.05.15"]
[Round "4"]
[White "Spinelli, Alessio"]
[Black "Bottini, Claudio"]
[WhiteElo "1477"]
[BlackElo "1493"]
[Result "1-0"]
[PlyCount "67"]
[EventDate "2016.05.13"]

1. e4 e6 2. d4 d5 3. e5 c5 4. c3 Nc6 5. Nf3 Qb6 6. Be2 cxd4 7. cxd4 Nge7 8. Nc3
Nf5 9. Bb5 Bd7 10. Bxc6 bxc6 11. O-O c5 12. dxc5 Qxc5 13. Bd2 Qb6 14. a3 Be7
15. b4 O-O 16. Rc1 Rfc8 17. Bf4 Bc6 18. Ne2 Bb5 19. Re1 Rc4 20. Rxc4 Bxc4 21.
Nfd4 Nxd4 22. Nxd4 a5 23. bxa5 Rxa5 24. Be3 Qb7 25. Qc2 Rxa3 26. Rb1 Qa8 27. g3
Ra2 28. Qd1 g6 29. Kg2 Bc5 30. Bh6 Qa7 31. Nc6 Rxf2+ 32. Kh3 Rf1 33. Nxa7 Bxa7
34. Qa4 1-0

[Event "C.to Regionale Liguria"]
[Site "Spotorno ITA"]
[Date "2016.05.15"]
[Round "4"]
[White "Storai, Ivo"]
[Black "Agazzi, Marco"]
[WhiteElo "1685"]
[BlackElo "1678"]
[Result "1/2-1/2"]
[PlyCount "74"]
[EventDate "2016.05.13"]

1. d4 d5 2. Nf3 e6 3. e3 c5 4. c3 Nc6 5. Bd3 Nf6 6. Nbd2 Be7 7. O-O O-O 8. Re1
Re8 9. Qe2 Bd6 10. dxc5 Bxc5 11. e4 dxe4 12. Nxe4 Be7 13. Nxf6+ Bxf6 14. Bf4
Qe7 15. Qe4 g6 16. Bb5 Qc5 17. a4 a6 18. Be3 Qd6 19. Rad1 Qc7 20. Bxc6 Qxc6 21.
Qxc6 bxc6 22. Rd6 Rb8 23. Re2 Bb7 24. Bb6 Bd8 25. Bxd8 Rexd8 26. Red2 Rxd6 27.
Rxd6 Ba8 28. Kf1 c5 29. Ne5 Bd5 30. Nd7 Bxg2+ 31. Kxg2 Rxb2 32. Nxc5 Rc2 33.
Rxa6 Rxc3 34. Ra8+ Kg7 35. Nxe6+ fxe6 36. a5 Ra3 37. a6 Kh6 1/2-1/2

[Event "C.to Regionale Liguria"]
[Site "Spotorno ITA"]
[Date "2016.05.15"]
[Round "5"]
[White "Altieri, Danilo Mario"]
[Black "Brun, Dario"]
[WhiteElo "2052"]
[BlackElo "2270"]
[Result "0-1"]
[PlyCount "42"]
[EventDate "2016.05.13"]

1. c4 Nf6 2. g3 e5 3. Bg2 d5 4. cxd5 Nxd5 5. Nc3 Nb6 6. Nf3 Nc6 7. d3 Be7 8.
O-O O-O 9. a3 Be6 10. b4 a5 11. b5 Nd4 12. Nxd4 exd4 13. Na4 Bd5 14. Nxb6 cxb6
15. Bxd5 Qxd5 16. a4 Bc5 17. Bb2 Rfe8 18. Ba3 Re6 19. Bxc5 bxc5 20. Qd2 b6 21.
Rfd1 Rae8 0-1

[Event "C.to Regionale Liguria"]
[Site "Spotorno ITA"]
[Date "2016.05.15"]
[Round "5"]
[White "Atteo, Domenico"]
[Black "Agazzi, Marco"]
[WhiteElo "1799"]
[BlackElo "1678"]
[Result "1-0"]
[PlyCount "43"]
[EventDate "2016.05.13"]

1. e4 d5 2. exd5 Qxd5 3. Nc3 Qd6 4. d4 Nf6 5. Nb5 Qb6 6. c4 c6 7. c5 Qd8 8. Nc3
e6 9. Nf3 Nbd7 10. Bf4 Be7 11. h3 O-O 12. Be2 b5 13. b4 Bb7 14. O-O a5 15. a3
a4 16. Rc1 Nd5 17. Nxd5 exd5 18. Bxb5 cxb5 19. c6 Bxc6 20. Rxc6 Nb6 21. Bc7 Qd7
22. Ne5 1-0

[Event "C.to Regionale Liguria"]
[Site "Spotorno ITA"]
[Date "2016.05.15"]
[Round "5"]
[White "Basaglia, Paolo"]
[Black "Baggiani, Fabio"]
[WhiteElo "1546"]
[BlackElo "1794"]
[Result "1/2-1/2"]
[PlyCount "82"]
[EventDate "2016.05.13"]

1. d4 d6 2. Bf4 Nf6 3. e3 g6 4. Be2 Bg7 5. Nd2 O-O 6. h4 h5 7. f3 Nd5 8. Bg5 f6
9. Bc4 fxg5 10. Bxd5+ Kh7 11. hxg5 e6 12. Bc4 Qxg5 13. Qe2 Qg3+ 14. Qf2 Qxf2+
15. Kxf2 Kh6 16. Ne2 d5 17. Bd3 e5 18. dxe5 Bxe5 19. Rag1 c5 20. c3 Kg7 21. Nf4
Bxf4 22. exf4 Rxf4 23. g3 Rf6 24. f4 Bg4 25. Re1 Nc6 26. Be2 Raf8 27. Nf3 Re8
28. Ng5 Bxe2 29. Rxe2 Rxe2+ 30. Kxe2 d4 31. Rd1 Rd6 32. Ne4 Re6 33. Kf3 b6 34.
Ng5 Re3+ 35. Kf2 Re7 36. Nf3 dxc3 37. bxc3 Kf6 38. Ng5 Kg7 39. Rd6 Na5 40. Ne6+
Kf7 41. Ng5+ Kg7 1/2-1/2

[Event "C.to Regionale Liguria"]
[Site "Spotorno ITA"]
[Date "2016.05.15"]
[Round "5"]
[White "Benvenuti, Cristian"]
[Black "Storai, Ivo"]
[WhiteElo "1696"]
[BlackElo "1685"]
[Result "1/2-1/2"]
[PlyCount "88"]
[EventDate "2016.05.13"]

1. e4 c5 2. d4 cxd4 3. c3 dxc3 4. Nxc3 Nc6 5. Nf3 e6 6. Bc4 Be7 7. Qe2 d6 8.
O-O a6 9. Rd1 Qc7 10. Be3 Nf6 11. a3 O-O 12. Rac1 b5 13. Ba2 Bb7 14. Nd5 exd5
15. exd5 Rac8 16. dxc6 Bxc6 17. Nd4 Qb7 18. Nxc6 Rxc6 19. Rxc6 Qxc6 20. Bf4 Re8
21. Qd3 h6 22. h3 Bf8 23. Rc1 Qe4 24. Qd2 Qe2 25. Qc3 Ne4 26. Qc2 Nxf2 27. Qxe2
Rxe2 28. Rf1 Nd3 29. Bxf7+ Kh7 30. b4 Nxf4 31. Rxf4 Re3 32. Rf3 Rxf3 33. gxf3
g5 34. Bd5 Bg7 35. Be4+ Kg8 36. Bb7 Bb2 37. Bxa6 Bxa3 38. Bxb5 Bxb4 39. Bc4+
Kg7 40. Kf2 Kf6 41. Ke3 Ke5 42. Bb5 Bc5+ 43. Kd2 Kf4 44. Bc6 d5 1/2-1/2

[Event "C.to Regionale Liguria"]
[Site "Spotorno ITA"]
[Date "2016.05.15"]
[Round "5"]
[White "Biancotti, Alessandro"]
[Black "Grasso, Gabriele"]
[WhiteElo "1864"]
[BlackElo "1720"]
[Result "1-0"]
[PlyCount "97"]
[EventDate "2016.05.13"]

1. g3 d5 2. Bg2 Nf6 3. c4 c6 4. cxd5 cxd5 5. Nc3 Bf5 6. Qb3 e6 7. Qxb7 Nbd7 8.
Nb5 Rb8 9. Nc7+ Ke7 10. Qxa7 Kd6 11. Na6 Qa5 12. b4 Rxb4 13. a3 Ra4 14. Qe3
Qxa6 15. Bb2 Qb6 16. Be5+ Ke7 17. Qxb6 Nxb6 18. d3 Nfd7 19. Bc3 f6 20. Nf3 Kf7
21. Bb2 Bd6 22. Nd4 Bg6 23. Bh3 e5 24. Nb5 Be7 25. Kd2 Rc8 26. Bg2 d4 27. Rhb1
Ra5 28. Bc1 Na4 29. Bd5+ Kf8 30. Be6 Nac5 31. Bc4 Bf7 32. Bxf7 Kxf7 33. e3
dxe3+ 34. fxe3 Na4 35. d4 exd4 36. Nxd4 Ndb6 37. Kd3 Rc3+ 38. Ke2 Rh5 39. h4 g5
40. hxg5 Rh2+ 41. Kf3 fxg5 42. Ke4 Bf6 43. Rb4 Bxd4 44. Kxd4 Rhc2 45. Rbb1 Rg2
46. Rxb6 Rc4+ 47. Kxc4 Nxb6+ 48. Kb5 Nd7 49. a4 1-0

[Event "C.to Regionale Liguria"]
[Site "Spotorno ITA"]
[Date "2016.05.15"]
[Round "5"]
[White "Brioschi, Camillo"]
[Black "Cotugno, Michele"]
[WhiteElo "1834"]
[BlackElo "1754"]
[Result "1-0"]
[PlyCount "74"]
[EventDate "2016.05.13"]

1. d4 c5 2. d5 e5 3. c4 d6 4. e4 Be7 5. Nf3 Nf6 6. Nc3 O-O 7. Be2 Nbd7 8. O-O
a6 9. a4 b6 10. Ne1 Rb8 11. f4 exf4 12. Bxf4 Ne8 13. Nf3 Bf6 14. Qd2 Qe7 15.
Bd3 Be5 16. Rae1 Bxf4 17. Qxf4 Ne5 18. Nxe5 Qxe5 19. Re2 Rb7 20. Qe3 Nf6 21.
Qf4 Qd4+ 22. Qe3 Qxe3+ 23. Rxe3 Ng4 24. Rg3 Re7 25. Be2 Ne5 26. b3 Bd7 27. Nd1
a5 28. Ne3 g6 29. Rf6 Kg7 30. Rxd6 Rb8 31. Nf5+ Bxf5 32. exf5 f6 33. Re6 Rxe6
34. fxe6 Kf8 35. Rh3 Kg7 36. Kf2 Re8 37. Re3 g5 1-0

[Event "C.to Regionale Liguria"]
[Site "Spotorno ITA"]
[Date "2016.05.15"]
[Round "5"]
[White "Cirabisi, Federico"]
[Black "Giorgi, Ezio Alberto"]
[WhiteElo "2034"]
[BlackElo "1773"]
[Result "1-0"]
[PlyCount "37"]
[EventDate "2016.05.13"]

1. e4 e6 2. Nf3 d5 3. e5 c5 4. b4 a6 5. bxc5 Bxc5 6. d4 Be7 7. Bd3 Nc6 8. c3
Bd7 9. O-O Qc7 10. Be3 f6 11. Nbd2 Nh6 12. Bxh6 gxh6 13. Rc1 b5 14. Nb3 Na5 15.
Nxa5 Qxa5 16. Qd2 O-O-O 17. a4 Kb7 18. exf6 Bxf6 19. Rb1 1-0

[Event "C.to Regionale Liguria"]
[Site "Spotorno ITA"]
[Date "2016.05.15"]
[Round "5"]
[White "Delucis, Mauro"]
[Black "De Renzi, Giuseppe"]
[WhiteElo "1367"]
[BlackElo "1523"]
[Result "1/2-1/2"]
[PlyCount "75"]
[EventDate "2016.05.13"]

1. Nf3 Nf6 2. g3 g6 3. Bg2 Bg7 4. b3 O-O 5. Bb2 d5 6. d4 c6 7. Nbd2 Bf5 8. O-O
Ne4 9. Nxe4 Bxe4 10. Rc1 Na6 11. Qd2 Qb6 12. Ne5 Bxe5 13. dxe5 Bxg2 14. Kxg2 e6
15. Bd4 c5 16. Be3 Qc7 17. Bh6 Rfe8 18. Qf4 f6 19. Qxf6 Qf7 20. Qxf7+ Kxf7 21.
Rcd1 Nb4 22. Rd2 Nxa2 23. c3 Nxc3 24. Rc2 d4 25. e3 Rac8 26. Ra1 a6 27. Kf1 Nd5
28. exd4 cxd4 29. Rac1 Rc3 30. Rxc3 Nxc3 31. Bd2 Rc8 32. Kg2 a5 33. Ra1 Rc5 34.
f4 Rb5 35. Ra3 b6 36. b4 Ke7 37. Bxc3 dxc3 38. Rxc3 1/2-1/2

[Event "C.to Regionale Liguria"]
[Site "Spotorno ITA"]
[Date "2016.05.15"]
[Round "5"]
[White "Durdevic, Radoslav"]
[Black "Nikolajevic, Tihomir"]
[WhiteElo "2081"]
[BlackElo "1838"]
[Result "1-0"]
[PlyCount "59"]
[EventDate "2016.05.13"]

1. e4 c5 2. Nf3 Nc6 3. Nc3 e6 4. d4 cxd4 5. Nxd4 Bb4 6. Nxc6 bxc6 7. Qd4 Bxc3+
8. Qxc3 Qf6 9. e5 Qg6 10. Be3 Ne7 11. Bc5 Qe4+ 12. Be2 Nd5 13. Qd3 Qxe5 14. Bd4
Qg5 15. g3 f6 16. c4 Nb4 17. Qc3 c5 18. Be3 Qe5 19. Qxe5 fxe5 20. Kd2 Na6 21.
Rhf1 Bb7 22. f4 e4 23. f5 O-O 24. fxe6 dxe6 25. Kc3 e5 26. a3 Rf6 27. Rxf6 gxf6
28. Rd1 Bc8 29. Rd8+ Kg7 30. Bg4 1-0

[Event "C.to Regionale Liguria"]
[Site "Spotorno ITA"]
[Date "2016.05.15"]
[Round "5"]
[White "Mandolini, Alessandro"]
[Black "Ivaldo, Fabrizio"]
[WhiteElo "1790"]
[BlackElo "1902"]
[Result "1-0"]
[PlyCount "68"]
[EventDate "2016.05.13"]

1. c4 f5 2. g3 Nf6 3. Bg2 g6 4. Nc3 Bg7 5. e3 O-O 6. Nge2 d6 7. O-O e5 8. d3 a5
9. Rb1 c6 10. b3 Na6 11. a3 Nc7 12. b4 axb4 13. axb4 d5 14. cxd5 Ncxd5 15. Nxd5
cxd5 16. Qb3 Be6 17. Bb2 Qd6 18. Qc3 Nd7 19. d4 Rfc8 20. dxe5 Nxe5 21. Qb3 Rc4
22. Bd4 Bf7 23. Bc5 Qa6 24. Nf4 Re4 25. Nxd5 Qc4 26. Ne7+ Kh8 27. Qxc4 Bxc4 28.
Rfd1 Nd3 29. Bxe4 fxe4 30. h4 Bf6 31. Bd4 Ne5 32. Bxe5 Bxe5 33. b5 Bd3 34. Rbc1
Bxb5 1-0

[Event "C.to Regionale Liguria"]
[Site "Spotorno ITA"]
[Date "2016.05.15"]
[Round "5"]
[White "Mariani, Samuele"]
[Black "Delucis, Gabriele"]
[WhiteElo "1440"]
[BlackElo "1440"]
[Result "1/2-1/2"]
[PlyCount "90"]
[EventDate "2016.05.13"]

1. d4 e6 2. Nf3 d5 3. e3 Nc6 4. Bb5 Bd7 5. O-O Nf6 6. Nbd2 a6 7. Ba4 Na5 8.
Bxd7+ Qxd7 9. Ne5 Qd8 10. Ndf3 Bd6 11. b3 O-O 12. Bd2 c6 13. g3 Ne4 14. Nd3
Nxd2 15. Qxd2 b5 16. Rfe1 Nb7 17. b4 Qf6 18. Nfe5 Rfc8 19. Qc3 Bxe5 20. Nxe5
Rc7 21. Re2 Nd6 22. Rf1 Qd8 23. Qd3 a5 24. a3 axb4 25. axb4 Ra4 26. Qc3 Nc4 27.
Nxc4 bxc4 28. Ra1 Rca7 29. Ree1 Qa8 30. Rab1 Ra3 31. Qb2 Ra2 32. Qc1 Rb7 33.
Ra1 Rxa1 34. Qxa1 Qxa1 35. Rxa1 h6 36. c3 Re7 37. Ra8+ Kh7 38. Kf1 Kg6 39. Ke2
Kf5 40. Kd2 Kg4 41. h4 Kf3 42. Ke1 h5 43. Kf1 g6 44. Ke1 Rb7 45. Kf1 Rc7
1/2-1/2

[Event "C.to Regionale Liguria"]
[Site "Spotorno ITA"]
[Date "2016.05.15"]
[Round "5"]
[White "Massimillo, Angelo"]
[Black "Agazzi, Fulvio"]
[WhiteElo "1362"]
[BlackElo "1815"]
[Result "0-1"]
[PlyCount "90"]
[EventDate "2016.05.13"]

1. c4 c5 2. g3 Nc6 3. Nc3 Nf6 4. Bg2 g6 5. Nf3 Bg7 6. O-O O-O 7. a3 d6 8. d3 e5
9. Bg5 h6 10. Bd2 Be6 11. Qc1 Kh7 12. Rb1 Bg4 13. e3 Qd7 14. b4 Rfe8 15. b5 Nd8
16. Ne1 Bh3 17. a4 Rc8 18. a5 Bxg2 19. Nxg2 Ne6 20. Qb2 Ng5 21. Ne1 e4 22. f4
exf3 23. Nxf3 Nxf3+ 24. Rxf3 Ng4 25. Rbf1 Ne5 26. Kg2 Nxf3 27. Rxf3 d5 28. e4
dxe4 29. dxe4 Rxe4 30. Qc2 Rxc4 31. Qa2 Qd4 32. Rxf7 Rxc3 33. Bxc3 Qxc3 34. Qe6
Rd8 35. Qe7 Rd2+ 36. Rf2 Rxf2+ 37. Kxf2 Qf6+ 38. Qxf6 Bxf6 39. Ke3 b6 40. a6
Kg7 41. Kd3 Kf7 42. Kc4 Ke6 43. h3 Ke5 44. g4 Ke4 45. Kb3 Kd3 0-1

[Event "C.to Regionale Liguria"]
[Site "Spotorno ITA"]
[Date "2016.05.15"]
[Round "5"]
[White "Mortola, Alberto"]
[Black "Monticone, Sonia"]
[WhiteElo "1939"]
[BlackElo "1940"]
[Result "1/2-1/2"]
[PlyCount "32"]
[EventDate "2016.05.13"]

1. e4 c5 2. c3 g6 3. d4 cxd4 4. cxd4 d5 5. exd5 Nf6 6. Nc3 Bg7 7. Bb5+ Bd7 8.
Bc4 O-O 9. Nf3 Na6 10. Bf4 Bg4 11. h3 Bf5 12. Qb3 Qa5 13. Qxb7 Nb4 14. O-O Qb6
15. Qxe7 Nc2 16. Rad1 Rad8 1/2-1/2

[Event "C.to Regionale Liguria"]
[Site "Spotorno ITA"]
[Date "2016.05.15"]
[Round "5"]
[White "Pagliari, Lino"]
[Black "Spinelli, Alessio"]
[WhiteElo "1319"]
[BlackElo "1477"]
[Result "0-1"]
[PlyCount "58"]
[EventDate "2016.05.13"]

1. e4 d5 2. exd5 Nf6 3. c4 c6 4. dxc6 Nxc6 5. d3 e5 6. Nf3 Bc5 7. Be2 O-O 8.
O-O Bg4 9. Nc3 Qd7 10. Bg5 Qf5 11. Bxf6 gxf6 12. Nd5 Kh8 13. Qd2 Rg8 14. Nh4
Qh5 15. Nxf6 Qxh4 16. Nxg8 Rxg8 17. Bxg4 Qxg4 18. g3 Nd4 19. Kh1 Qf3+ 20. Kg1
Ne2+ 21. Qxe2 Qxe2 22. Rae1 Bxf2+ 23. Rxf2 Qxe1+ 24. Rf1 Qe3+ 25. Kg2 Qd2+ 26.
Rf2 Qxd3 27. Rxf7 Qxc4 28. Rxb7 Qc6+ 29. Kh3 Qxb7 0-1

[Event "C.to Regionale Liguria"]
[Site "Spotorno ITA"]
[Date "2016.05.15"]
[Round "5"]
[White "Rivara, Massimo"]
[Black "Pesce, Leandro"]
[WhiteElo "1757"]
[BlackElo "1660"]
[Result "0-1"]
[PlyCount "42"]
[EventDate "2016.05.13"]

1. e4 c5 2. Nf3 Nc6 3. d4 cxd4 4. Nxd4 e5 5. Nb5 a6 6. N5c3 d5 7. Be2 Nf6 8.
Bg5 Be6 9. O-O Be7 10. Qd2 Qc7 11. Na3 O-O 12. Bxf6 Bxf6 13. Nxd5 Bxd5 14. exd5
Nb8 15. c3 Nd7 16. Nc2 h6 17. Rfd1 Bg5 18. Qd3 f5 19. Ne3 g6 20. Qc4 Qc5 21. b4
b5 0-1

[Event "C.to Regionale Liguria"]
[Site "Spotorno ITA"]
[Date "2016.05.15"]
[Round "5"]
[White "Roversi, Stefano"]
[Black "Sotgia, Cosimo"]
[WhiteElo "1742"]
[BlackElo "1883"]
[Result "1/2-1/2"]
[PlyCount "37"]
[EventDate "2016.05.13"]

1. e4 e5 2. Nf3 Nc6 3. Bb5 a6 4. Ba4 Nf6 5. O-O Nxe4 6. Bxc6 dxc6 7. Nxe5 Be7
8. d4 O-O 9. c4 Be6 10. b3 Bd6 11. Bb2 Qh4 12. f4 f5 13. Nc3 Rf6 14. Nxe4 fxe4
15. Qe1 Qh5 16. Qxe4 Bf5 17. Qf3 Qh4 18. Qf2 Qh5 19. Qf3 1/2-1/2

[Event "C.to Regionale Liguria"]
[Site "Spotorno ITA"]
[Date "2016.05.15"]
[Round "5"]
[White "Tardito, Pierluigi"]
[Black "Pedemonte, Claudio"]
[WhiteElo "1493"]
[BlackElo "1756"]
[Result "0-1"]
[PlyCount "73"]
[EventDate "2016.05.13"]

1. f4 Nf6 2. Nf3 d5 3. c3 c5 4. g3 g6 5. Bg2 Bg7 6. O-O O-O 7. Kh1 Nc6 8. d3
Qb6 9. Qc2 c4 10. d4 Bf5 11. Qd1 Qc7 12. Ne5 Rad8 13. Nd2 Nxe5 14. fxe5 Ng4 15.
Nf3 Be4 16. Bf4 Qb6 17. Qd2 f6 18. h3 fxe5 19. hxg4 exf4 20. gxf4 Qd6 21. Nh2
Bxg2+ 22. Kxg2 Rf7 23. Rf3 Rdf8 24. Raf1 Bh6 25. g5 Bg7 26. Kg3 Qe6 27. Ng4 Rf5
28. Ne5 Bxe5 29. dxe5 Qc6 30. Rh1 Kg7 31. Kg4 Qd7 32. Kg3 Qc6 33. e3 d4 34.
Qxd4 Rxg5+ 35. Kf2 Rgf5 36. Rfh3 Rh5 37. Rg1 0-1